| 000 | 00478 a2200169 4500 | ||
|---|---|---|---|
| 999 |
_c8866 _d8866 |
||
| 020 | _a0748728805 | ||
| 050 | _aG 121 WAU 1997 | ||
| 100 |
_aWaugh, David _eauthor |
||
| 245 |
_aKey geography connections/ _cDavid Waugh & Tony Bushell |
||
| 264 |
_aCheltenham : _bStanley Thornes _c1997 |
||
| 300 |
_a104p. : _bIll. col. |
||
| 500 | _aText | ||
| 650 | _aGeography -- Study and teaching. | ||
| 650 | _aGeography | ||
| 700 |
_aBushell, Tony _eauthor |
||
| 942 |
_2lcc _cBK _h121 _iWAU _kG |
||